[Event "118th SUI-ch 2018"]
[Site "Lenzerheide"]
[Date "2018.07.16"]
[Round "5"]
[White "Jenni, Florian"]
[Black "Ekstroem, Roland"]
[Result "1/2-1/2"]
[WhiteElo "2447"]
[BlackElo "2381"]
[Annotator "TA"]
[PlyCount "171"]
[EventDate "2018.07.12"]
[EventType "tourn"]
[EventCountry "SUI"]
[SourceTitle "playchess.com"]
[Source "ChessBase"]
[SourceQuality "1"]

{[%evp 12,171,0,2,17,-5,-15,-62,-65,-66,22,17,47,47,46,45,54,41,67,73,73,70,70,69,77,56,76,57,62,39,39,39,44,39,45,41,103,44,44,44,44,44,44,44,44,42,43,37,52,52,52,51,66,51,68,51,79,71,69,53,69,60,89,70,133,90,90,90,143,90,120,120,161,0,120,120,131,90,114,90,90,90,90,90,90,24,322,271,244,239,259,35,261,0,233,49,47,42,50,19,308,81,79,84,84,84,84,84,84,84,84,84,119,0,84,0,119,84,133,133,133,133,133,133,133,133,133,119,104,70,59,48,48,48,48,48,48,0,36,0,48,36,48,48,48,0,0,0,1152,1008,893,619,0,0,0,0,0,0,0,0,107,0]} 1. e4 c5 2. Nf3 g6 3. g3 Nc6 4. Bg2 Bg7 5. O-O e5 (5... d6 6. d3 e5 7. Nc3 Nge7 8. Nd2 O-O 9. Nc4 Be6 10. Nd5 Kh8 11. c3 Qd7 12. a4 f5 13. a5 Bg8 14. Nxe7 Nxe7 15. Qa4 Rad8 16. Bg5 Bf6 17. Bxf6+ Rxf6 18. exf5 gxf5 {1-0 (56) Grischuk,A (2767)-Gelfand,B (2695) Moscow 2018}) 6. a3 {A04: Unusual lines after 1 Nf3 and King's Indian Attack} Nge7 7. b4 {LiveBook: 7 Games} b6 8. c3 {The position is equal.} O-O 9. b5 $146 ({Predecessor:} 9. Bb2 d6 10. d3 h6 11. Nbd2 f5 12. b5 Na5 13. Nb3 f4 14. Nxa5 bxa5 15. d4 {½-½ (25) Vatanski,A (2165)-Pirttimaki,T (2182) Finland 2004}) 9... Na5 10. d3 h6 (10... d5 $15) 11. c4 $11 a6 12. a4 $36 {[%mdl 2048] White is pushing.} d6 13. Nc3 Nb7 14. Bb2 Kh7 15. Ne1 axb5 16. axb5 ({Much weaker is} 16. cxb5 $6 Be6 $11) 16... Rxa1 17. Bxa1 Qc7 18. Nc2 Nd8 19. Ne3 Ne6 20. Ned5 Nxd5 21. Nxd5 Qd8 $1 22. Qa4 {Threatens to win with Qa7.} Bb7 $1 23. Bb2 Nd4 (23... Bxd5 $14 24. exd5 Nd4) 24. Ra1 (24. Bxd4 $1 $16 exd4 25. Qa7 Bxd5 26. exd5) 24... Bxd5 $14 25. cxd5 Qd7 26. Bxd4 exd4 27. Qa6 Rb8 28. h4 Bf6 29. Kh2 {[%cal Bg1h2,Bh2g2,Bg2f1,Bf1e2,Be2f3][%mdl 32]} Kg7 30. Bh3 Qc7 31. Qa2 Bd8 32. Qc4 Qe7 33. Kg2 Qb7 34. Ra6 Qe7 35. Kf1 Qb7 36. Qa2 {Black must now prevent Ra7.} Qe7 37. Qa4 g5 (37... Qc7 $14) 38. h5 Qc7 39. Ke2 Bf6 (39... Kh8 $142) 40. Bf5 ({White should play} 40. Ra7 Rb7 41. Ra6) 40... Be5 41. Kf3 Bf6 42. Ke2 Be5 $1 43. Kd1 Bf6 44. Kc2 Kf8 45. Kb3 Kg7 46. Kc4 Kf8 47. Qa1 Kg7 48. f4 (48. Ra7 $16 Rb7 49. Ra8) 48... Kf8 $2 {[%mdl 8192]} (48... Kg8 $11) 49. Ra7 Rb7 50. Ra8+ Rb8 51. Ra6 $2 (51. Qa7 $18 Rxa8 52. Qxa8+ (52. Qxc7 Ra3 $16) 52... Qd8 53. Qb7) 51... Rb7 $2 (51... Kg8 $14) 52. Ra8+ Rb8 53. e5 $2 (53. Qa7 $18 Rxa8 54. Qxc7) 53... Rxa8 $1 54. Qxa8+ Qd8 55. Qc6 dxe5 $2 {[%mdl 8192] [#]} (55... gxf4 $11 {and Black stays safe.} 56. gxf4 (56. exf6 fxg3 57. Be4 Qxf6 $11) 56... dxe5) 56. fxe5 $2 (56. fxg5 $1 $18 {and the rest is easy.} Bxg5 57. d6) 56... Bxe5 $16 57. Qxh6+ Bg7 58. Qc6 {Strongly threatening d6.} Be5 59. g4 Bd6 60. h6 Kg8 61. Qb7 Bc7 62. Qc6 {And now Bd7 would win.} Bd6 $1 63. Qb7 Bc7 $1 64. Be4 Kh8 65. d6 Qxd6 66. Qc8+ Bd8 {[#] Black wants to play ...Qe6+.} 67. Bf5 $1 {[%mdl 1024] White has strong compensation.} Kg8 68. Qa8 Kh8 69. Qe4 {Intending Qe8+ and mate.} Be7 70. Qd5 Qxh6 71. Qxf7 Bf8 $1 72. Be6 {[%csl Ge6][%cal Rf7g8]} Qg7 73. Qh5+ Qh6 74. Qf7 {[%csl Ge6][%cal Rf7g8]} Qg7 75. Qh5+ Qh6 76. Qxh6+ Bxh6 $14 {[%mdl 4096] Endgame KB-KB} 77. Kd5 {Kc6 is the strong threat.} c4 $1 {[%cal Rc4c3]} 78. Kc6 cxd3 79. Kxb6 Bg7 $2 {[%mdl 8192]} (79... Kg7 $11) 80. Kc6 $18 Be5 81. Bb3 Kg7 82. Kd5 Kf6 83. b6 Bf4 84. Kxd4 Ke7 85. Kxd3 Kd7 (85... Kd6 $1 $11) 86. Ke4 {Precision: White = 53%, Black = 43%.} (86. Ba4+ $16 Kc8 87. Bc6) 1/2-1/2

[Event "118th SUI-ch 2018"]
[Site "Lenzerheide"]
[Date "2018.07.17"]
[Round "6"]
[White "Georgiadis, Nico"]
[Black "Jenni, Florian"]
[Result "0-1"]
[WhiteElo "2526"]
[BlackElo "2447"]
[Annotator "RC"]
[PlyCount "90"]
[EventDate "2018.07.12"]
[EventType "tourn"]
[EventCountry "SUI"]
[SourceTitle "playchess.com"]
[Source "ChessBase"]
[SourceQuality "1"]
[TimeControl "40/5400+30:1800+30"]

1. d4 {[%emt 0:00:00]} Nf6 {[%emt 0:00:00]} 2. c4 {[%emt 0:00:00]} e6 {[%emt 0:00:01]} 3. Nf3 {[%emt 0:00:00]} c5 {[%emt 0:00:33]} 4. d5 {[%emt 0:00:03]} d6 {[%emt 0:00:36]} 5. Nc3 {[%emt 0:00:15]} exd5 {[%emt 0:00:23]} 6. cxd5 {[%emt 0:00:09]} g6 {[%emt 0:00:20]} 7. g3 {[%emt 0:03:06]} Bg7 {[%emt 0:01:31]} 8. Bg2 {[%emt 0:00:04]} O-O {[%emt 0:00:14]} 9. O-O {[%emt 0:00:04]} Re8 {[%emt 0:00:16]} 10. Re1 {[%emt 0:00:05]} a6 {[%emt 0:01:54]} 11. a4 {[%emt 0:00:34]} Nbd7 {[%emt 0:01:15]} 12. Bf4 {[%emt 0:01:51]} Ng4 {[%emt 0:07:49]} 13. Qc2 {[%emt 0:17:42]} Nde5 {[%emt 0:06:28]} 14. Nxe5 {[%emt 0:02:48]} Nxe5 {[%emt 0:01:52]} 15. h3 {[%emt 0:06:42]} Bf5 {[%emt 0:05:49]} 16. e4 {[%emt 0:03:29]} Bd7 {[%emt 0:00:14]} 17. a5 {[%emt 0:02:37]} Bb5 {[%emt 0:05:45]} 18. Red1 {[%emt 0:14:15]} h5 {[%emt 0:08:21]} 19. h4 {[%emt 0:10:45]} b6 {[%emt 0:08:57]} 20. axb6 {[%emt 0:07:21]} Qxb6 {[%emt 0:01:43]} 21. Rab1 {[%emt 0:05:11]} Bd7 {[%emt 0:04:35]} 22. b3 {[%emt 0:12:36]} Bg4 {[%emt 0:09:00]} 23. Re1 {[%emt 0:02:15]} Qb4 {[%emt 0:02:51]} 24. Bd2 {[%emt 0:02:46]} a5 {[%emt 0:08:37]} 25. Na4 {[%emt 0:01:10]} Qb5 {[%emt 0:01:34]} 26. Re3 {[%emt 0:00:54]} Rab8 {[%emt 0:02:39]} 27. Nc3 {[%emt 0:01:36]} Qa6 {[%emt 0:02:34]} 28. f4 {[%emt 0:01:50]} Nd7 {[%emt 0:00:51]} 29. Bf1 {[%emt 0:00:14]} Qb6 {[%emt 0:03:12]} 30. Kg2 {[%emt 0:00:26]} Re7 {[%emt 0:04:45]} 31. Bc4 {[%emt 0:01:21]} Bd4 {[%emt 0:00:58]} 32. Ree1 {[%emt 0:00:14]} Rbe8 {[%emt 0:03:19]} 33. Nb5 {[%emt 0:01:18]} Bg7 {[%emt 0:02:33]} 34. Re3 {[%emt 0:01:06]} Bd4 {[%emt 0:01:50]} 35. Ree1 {[%emt 0:00:04]} Bg7 {[%emt 0:00:36]} 36. Re3 {[%emt 0:01:26]} Kh7 {[%emt 0:00:32]} 37. Bc3 {[%emt 0:01:25]} Bd4 {[%emt 0:01:27]} 38. Ree1 {[%emt 0:00:25]} Nf6 {[%emt 0:00:42]} 39. Bxd4 {[%emt 0:00:42]} cxd4 {[%emt 0:00:13]} 40. Bd3 {[%emt 0:00:37]} Nxd5 {[%emt 0:00:21]} 41. Qd2 {[%emt 0:13:28]} Nf6 {[%emt 0:04:48]} 42. Ra1 {[%emt 0:02:46]} Nxe4 {[%emt 0:01:32]} 43. Qxa5 {[%emt 0:00:10]} Qb7 {[%emt 0:05:40]} 44. Qa7 {[%emt 0:01:21]} Qc6 {[%emt 0:07:21]} 45. Nxd4 {[%emt 0:09:59]} Qc3 {[%emt 0:01:09]} 0-1

[Event "118th SUI-ch 2018"]
[Site "Lenzerheide"]
[Date "2018.07.17"]
[Round "6"]
[White "Studer, Noel"]
[Black "Bogner, Sebastian"]
[Result "0-1"]
[WhiteElo "2484"]
[BlackElo "2605"]
[Annotator "TA"]
[PlyCount "84"]
[EventDate "2018.07.12"]
[EventType "tourn"]
[EventCountry "SUI"]
[SourceTitle "playchess.com"]
[Source "ChessBase"]
[SourceQuality "1"]

{[%evp 13,84,0,20,-9,-8,-13,-20,-25,-27,-38,-26,-71,-77,-67,-39,-54,-22,-18,-21,-18,-22,-14,-16,-33,-26,-29,-33,-25,-37,-57,-32,-31,-35,-24,0,-50,-27,-61,0,-74,-21,-38,-35,-33,-33,-45,-44,-44,-44,-52,-51,-41,-52,-53,-39,-65,-66,-92,-89,-195,-195,-200,-189,-226,-230,-235,-228,-231,-196,-218,-187,-244,-200]} 1. d4 Nf6 2. c4 g6 3. Nf3 Bg7 4. g3 O-O 5. Bg2 c6 6. O-O d5 7. Qb3 a5 {LiveBook: 79 Partien} 8. a4 {D78: Grünfeldindisch (Fianchetto 6.0-0 c6)} (8. Nc3 a4 9. Qb4 dxc4 10. Qxc4 Qa5 11. Re1 Bg4 12. e4 Nbd7 13. Bd2 Qh5 14. Nh4 g5 15. Nf5 e5 16. Nxg7 Kxg7 17. Nd1 Rfe8 18. Ne3 exd4 19. Qxd4 {½-½ (27) Korobov,A (2664)-Artemiev,V (2697) Moscow 2018}) 8... dxc4 9. Qxc4 Be6 10. Qc2 {Die Stellung ist ausgeglichen.} Na6 11. Bf4 Nd5 $146 ({Vorgänger:} 11... Nb4 12. Qc1 Bd5 13. Be5 Ng4 14. Bxg7 Kxg7 15. Nbd2 f5 {1-0 (56) Sandipan,C (2583)-Ben Artzi,I (2418) Gibraltar 2016}) 12. Bd2 Ndb4 13. Qc1 Bd5 14. Bc3 Bxf3 15. Bxf3 Bxd4 16. Rd1 e5 17. Nd2 Qe7 18. Bxd4 exd4 19. Nb3 {[#]} d3 $1 {[%mdl 512]} 20. exd3 Nc7 21. d4 Rfd8 22. Bg2 Ne6 23. Qc4 Nd5 24. Rdc1 Qf6 25. Rd1 Qe7 26. Rdc1 Qd6 (26... Ra6 $17) 27. Nc5 Nxc5 28. dxc5 Qf6 29. Bxd5 Rxd5 30. Qc3 Kg7 31. Ra3 Re8 32. Rb3 Qxc3 33. Rcxc3 $15 {[%mdl 4096] Endspiel KTT-KTT} Re2 {Und weiter mit ...Tdd2 wäre nett.} 34. Rf3 Re7 ({Viel schwächer wäre} 34... Rxc5 $6 35. Rxb7 Rf5 36. Rxf5 $16) 35. Rfc3 Rd4 36. Ra3 (36. Rb6 $17) 36... Re2 $19 {Schwarz steht deutlich besser.} 37. Rab3 Rdd2 ({Minderwertig wäre} 37... Rxa4 38. Rxb7 Re6 39. Ra7 $11) 38. Rf3 Rxb2 39. Rbd3 {Schwarz sollte Td7 verhindern.} Re7 40. Rb3 Rc2 41. Rfe3 Rd7 42. Re5 (42. Re1 $142) 42... Kf6 {Precision: Weiß = 41%, Schwarz = 58%.} 0-1

[Event "118th SUI-ch 2018"]
[Site "Lenzerheide"]
[Date "2018.07.17"]
[Round "6"]
[White "Gallagher, Joseph G"]
[Black "Kurmann, Oliver"]
[Result "1/2-1/2"]
[WhiteElo "2434"]
[BlackElo "2451"]
[Annotator "TA"]
[PlyCount "60"]
[EventDate "2018.07.12"]
[EventType "tourn"]
[EventCountry "SUI"]
[SourceTitle "playchess.com"]
[Source "ChessBase"]
[SourceQuality "1"]

{[%evp 22,60,12,18,22,0,4,0,0,0,0,0,0,0,0,0,0,0,0,0,0,0,0,0,0,0,0,0,0,-10,-11,-6,-6,-28,0,0,0,-24,0,-10,0]} 1. e4 e5 2. Nf3 Nc6 3. Bb5 a6 4. Ba4 Nf6 5. O-O b5 6. Bb3 Bc5 7. a4 Rb8 {C78: Ruy Lopez: Archangelsk and Möller Defences} 8. Nxe5 Nxe5 9. d4 Bxd4 10. Qxd4 d6 11. f4 Nc6 12. Qc3 {LiveBook: 23 Games} Ne7 13. Qd3 {Threatening axb5.} O-O 14. Nc3 {[%cal Ra4b5]} c5 {[#] And now ...c4 would win.} 15. axb5 axb5 16. Nxb5 Nxe4 $1 17. Qxe4 {Hoping for Re1.} Rxb5 {[#]} 18. Ra7 $146 Bd7 $1 19. Qd3 Nf5 20. Bc4 {[#] aiming for Rxd7.} Rb8 $1 21. Bd2 Qc8 22. Bc3 Be6 23. Bxe6 Qxe6 24. Re1 Qg6 25. Qf3 h5 26. h3 Rfe8 27. Raa1 Nh4 28. Qf2 Nf5 29. Qf3 Nh4 30. Qf2 Nf5 {Precision: White = 75%, Black = 90%.} 1/2-1/2

[Event "118th SUI-ch 2018"]
[Site "Lenzerheide"]
[Date "2018.07.17"]
[Round "6"]
[White "Gaehwiler, Gabriel"]
[Black "Pelletier, Yannick"]
[Result "0-1"]
[WhiteElo "2419"]
[BlackElo "2551"]
[Annotator "TA"]
[PlyCount "96"]
[EventDate "2018.07.12"]
[EventType "tourn"]
[EventCountry "SUI"]
[SourceTitle "playchess.com"]
[Source "ChessBase"]
[SourceQuality "1"]

{[%evp 21,96,0,12,20,22,20,15,11,13,12,17,18,45,21,21,25,39,36,39,25,25,10,26,11,18,0,0,0,0,0,0,0,0,-60,-55,-68,-55,-70,-63,-111,-108,-221,-209,-204,-118,-123,-120,-285,-285,-282,-133,-100,-121,-193,-159,-158,-153,-151,-87,-90,-81,-106,-99,-117,-116,-809,-793,-1018,-915,-1468,-1196,-1728,-1620,-29978,-29980,-29980,-29981]} 1. d4 d5 2. c4 e6 3. Nf3 c6 4. Qc2 Bd6 5. g3 f5 6. Bg2 Nf6 7. O-O O-O 8. Nc3 Qe7 9. Rb1 {A90: Dutch Defence: Miscellaneous and Modern Stonewall (with ...Bd6)} Nbd7 10. c5 Bc7 11. b4 Ne4 {LiveBook: 3 Games} 12. Bb2 e5 13. dxe5 Nxe5 14. Nxe5 Bxe5 15. e3 {[#]} Bd7 $146 ({Predecessor:} 15... a5) 16. Ne2 Rae8 17. Bd4 Bxd4 18. Nxd4 h5 19. Rbe1 g6 20. f3 Nf6 21. h4 Qg7 22. f4 Re7 23. Bf3 Rfe8 24. Qd3 Ng4 25. Bxg4 fxg4 26. Kg2 Re4 27. f5 (27. a4 $11) 27... Bxf5 $15 28. Nxf5 gxf5 29. Rxf5 R8e5 ({Don't go for} 29... Rxb4 $2 30. Rg5 $18) 30. Rxe5 Qxe5 {[%mdl 4096] Endgame KQR-KQR} ({Don't play} 30... Rxe5 $6 31. Rf1 $11) 31. Qa3 (31. a3 $17 {was worth a try.}) 31... a6 32. Qd3 Kg7 (32... Qb2+ $19 33. Re2 Qxb4) 33. a3 $17 Qb2+ 34. Qe2 $2 (34. Kg1 $17) 34... Qxe2+ $1 $19 ({Less strong is} 34... Qxa3 35. Qf2 $15) 35. Rxe2 {KR-KR} Rc4 (35... Kg6 $19 36. Kf2 Rc4) 36. Rf2 $17 Kg6 37. Rf4 (37. Rf8 $17 {keeps fighting.}) 37... Rc3 38. e4 dxe4 $1 39. Rxe4 Kf6 (39... Rxa3 $142 {And now ...Ra4 would win.} 40. Re7 Ra2+ 41. Kf1 Kf5) 40. a4 Rc2+ 41. Kf1 {[#]} a5 $1 {[%cal Ba6a5,Ba5b4][%mdl 544]} 42. Kg1 {[#]} (42. bxa5 Rxc5) 42... Kf5 $1 {[%cal Rf5e4]} 43. Re7 $2 {[%mdl 8192]} (43. Rf4+ $17 Ke6 44. Kf1) 43... axb4 $19 44. Rxb7 Rb2 45. Rb6 Ke4 46. Rxc6 Kf3 47. a5 Kxg3 {[%cal Rb2b1]} 48. Kf1 Kh2 {Precision: White = 43%, Black = 70%.} 0-1

[Event "118th SUI-ch 2018"]
[Site "Lenzerheide"]
[Date "2018.07.17"]
[Round "6"]
[White "Baenziger, Fabian"]
[Black "Ekstroem, Roland"]
[Result "1/2-1/2"]
[WhiteElo "2382"]
[BlackElo "2381"]
[Annotator "NA"]
[PlyCount "67"]
[EventDate "2018.07.12"]
[EventType "tourn"]
[EventCountry "SUI"]
[SourceTitle "playchess.com"]
[Source "ChessBase"]
[SourceQuality "1"]
[TimeControl "40/5400+30:1800+30"]

1. e4 {[%emt 0:00:00]} c5 {[%emt 0:00:00]} 2. Nc3 {[%emt 0:05:36]} g6 {[%emt 0:02:16]} 3. g3 {[%emt 0:01:23]} Bg7 {[%emt 0:00:15]} 4. Bg2 {[%emt 0:00:06]} Nc6 {[%emt 0:00:19]} 5. d3 {[%emt 0:00:06]} d6 {[%emt 0:02:09]} 6. f4 {[%emt 0:00:32]} e6 {[%emt 0:00:50]} 7. Nh3 {[%emt 0:01:00]} Nge7 {[%emt 0:00:34]} 8. O-O {[%emt 0:00:07]} O-O {[%emt 0:00:21]} 9. Be3 {[%emt 0:08:34]} Rb8 {[%emt 0:05:40] B25: Closed Sicilian: 3 g3, lines without early Be3} (9... b6 10. Bf2 Bb7 11. Qd2 Qd7 12. Rae1 Rae8 13. g4 f5 14. gxf5 exf5 15. Ng5 Nd4 16. Bxd4 Bxd4+ 17. Kh1 h6 18. Nf3 Bg7 19. Nh4 {½-½ (19) Zvjaginsev,V (2659)-Moiseenko,A (2630) Sochi 2007}) 10. Qd2 {[%emt 0:05:52] LiveBook: 5 Games} Nd4 {[%emt 0:04:46]} 11. Rae1 {[%emt 0:06:19]} b5 {[%emt 0:04:38]} 12. Nd1 {[%emt 0:09:22]} b4 {[%emt 0:02:04]} 13. c3 {[%emt 0:04:52]} bxc3 $146 {[%emt 0:03:31]} ({Predecessor:} 13... Ndc6 14. Nhf2 Qa5 {0-1 (41) Gustafson,D (2025)-Somogyi,I (2225) Budapest 1998}) 14. bxc3 {[%emt 0:00:57]} Ndc6 {[%emt 0:00:41]} 15. Bf2 {[%emt 0:05:29]} Qa5 {[%emt 0:05:16]} 16. g4 {[%emt 0:07:38]} f5 {[%emt 0:02:38]} 17. exf5 {[%emt 0:03:31]} exf5 {[%emt 0:00:40]} 18. Bh4 {[%emt 0:01:04]} (18. gxf5 $11 {hält das Gleichgewicht.} Bxf5 19. Ng5) 18... Qc7 {[%emt 0:12:57]} 19. Ne3 {[%emt 0:14:15]} fxg4 {[%emt 0:02:25]} 20. Nd5 {[%emt 0:00:19]} Nxd5 {[%emt 0:00:26]} 21. Bxd5+ {[%emt 0:00:04]} Kh8 {[%emt 0:00:22]} 22. Ng5 {[%emt 0:00:10]} Nd8 {[%emt 0:04:51]} 23. Nxh7 {[%emt 0:09:19]} Kxh7 {[%emt 0:04:50]} 24. Re7 {[%emt 0:00:08]} Qa5 {[%emt 0:04:39]} 25. Qe1 {[%emt 0:02:10]} Be6 $14 {[%emt 0:08:35]} (25... Nf7 $5) 26. Bg5 {[%emt 0:12:02]} Bxd5 {[%emt 0:05:58]} 27. Qh4+ {[%emt 0:00:04]} Kg8 {[%emt 0:00:08]} 28. Rxg7+ {[%emt 0:00:09]} Kxg7 {[%emt 0:00:05]} 29. Qh6+ {[%emt 0:00:04]} Kg8 {[%emt 0:00:25]} 30. Qxg6+ {[%emt 0:00:04]} Kh8 {[%emt 0:00:06]} 31. Qh6+ {[%emt 0:00:46]} Kg8 {[%emt 0:00:02]} 32. Qg6+ {[%emt 0:00:30]} Kh8 {[%emt 0:00:02]} 33. Qh6+ {[%emt 0:00:07]} Kg8 {[%emt 0:00:07]} 34. Qg6+ {[%emt 0:00:13]} 1/2-1/2

[Event "118th SUI-ch 2018"]
[Site "Lenzerheide"]
[Date "2018.07.18"]
[Round "7"]
[White "Bogner, Sebastian"]
[Black "Baenziger, Fabian"]
[Result "1-0"]
[WhiteElo "2605"]
[BlackElo "2382"]
[Annotator "TA"]
[PlyCount "167"]
[EventDate "2018.07.12"]
[EventType "tourn"]
[EventCountry "SUI"]
[SourceTitle "playchess.com"]
[Source "ChessBase"]
[SourceQuality "1"]

{[%evp 27,167,41,52,45,37,57,33,30,34,36,45,35,49,9,47,47,56,68,57,41,43,41,54,0,43,28,21,10,10,10,17,0,19,0,22,15,17,20,14,0,27,8,35,37,55,18,14,4,4,-100,-81,-70,98,90,88,87,81,99,97,0,0,-96,-9,-8,16,2,2,0,1,1,14,6,8,8,112,0,0,0,0,0,18,0,0,0,100,79,83,0,252,25,251,228,237,0,0,0,0,0,5,5,93,90,569,363,363,360,359,359,802,664,4906,5421,6079,5093,5106,4621,2173,1638,29975,838,913,0,29975,29976,29984,770,770,0,29984,29985,29985,29975,29982,29983,29983,29984,29983,29984,29989,29987,29987,29978]} 1. e4 c5 2. Nf3 Nc6 3. d4 cxd4 4. Nxd4 Nf6 5. Nc3 d6 6. Bg5 e6 7. Qd2 a6 8. O-O-O Bd7 9. f4 b5 10. Bxf6 gxf6 11. Kb1 Qb6 12. Nxc6 Bxc6 13. f5 O-O-O {B67: Sizilianisch (Richter/Rauser-Angriff)} 14. fxe6 fxe6 {LiveBook: 7 Partien} 15. a3 Kb8 {Weiß steht etwas besser.} 16. Bd3 Rg8 $146 ({Vorgänger:} 16... Be7 17. Rhe1 Bb7 18. Ne2 d5 19. exd5 Rxd5 20. Qh6 Rd7 21. Nf4 {1-0 (38) Brkic,A (2573)-Schwabeneder,F (2396) Austria 2018}) 17. Rhf1 Be7 18. Qh6 Rde8 19. Ne2 Bd8 20. Nf4 Qb7 (20... e5 $5 {[%cal Re5f4]} 21. Nh5 Rxg2 $11) 21. g3 Qg7 22. Qh3 Qe7 23. Rde1 Rg5 24. Re2 Qf7 25. Ree1 Qe7 26. c3 Re5 27. Re2 Qb7 28. Rfe1 a5 29. Bc2 Bb6 30. g4 Bc5 31. b4 Bb6 32. Qg3 Bc7 33. Qh3 Bb6 34. Qd3 Ka7 35. Kb2 Rd8 36. Bb3 Qe7 37. h3 {[%cal Bh2h3,Bh3h4][%mdl 32]} Bb7 38. Qf3 (38. h4 $1 $11) 38... a4 $17 39. Ba2 Rc8 $2 (39... f5 $15 {bleibt weiter vorne.} 40. gxf5 exf5) 40. Nd3 $1 $16 Rg5 {Weiss sollte ...f5! verhindern.} 41. h4 $1 {[%cal Rh4g5]} Rg7 42. Nf4 $1 f5 43. Bxe6 (43. gxf5 $16 exf5 44. Nd5 (44. exf5 Qxh4 45. Bd5 Rg3 $15) 44... Bxd5 45. Bxd5) 43... fxg4 $11 44. Bxg4 (44. Qd3 $11 Rf8 45. Bf5) 44... Rcg8 (44... Rf8 $17 {Droht ...Df7 und aus.} 45. Bf5 Qf7) 45. Nd5 {[%cal Bf4d5,Bd5b6,Bb6d7][%mdl 32]} Qe5 46. Nxb6 Rxg4 47. Nd7 Qe6 $132 {[%mdl 2048] Schwarz is not keeping still} 48. Qf2+ Ka8 49. Nb6+ Kb8 {[#]} 50. Nd5 $1 {[%mdl 512] zielt auf Db6 ab.} Rg2 (50... Rc8 $1 $11) (50... Bxd5 51. exd5) 51. Qd4 ({Weiss braucht} 51. Qb6 $16) 51... Bxd5 52. Qxd5 Qxd5 53. exd5 R8g4 (53... h5 {looks sharper.} 54. c4 Rxe2+ 55. Rxe2 bxc4 56. Kc3 Rg4) 54. Rxg2 (54. h5 {is more complex.} Kc8 55. c4 Rxe2+ 56. Rxe2 Rh4 57. Re6) 54... Rxg2+ {[%mdl 4096] Endspiel KT-KT} 55. Kc1 Rg7 (55... h5 $11 {hält das Gleichgewicht.}) 56. Re8+ Kc7 57. Rh8 (57. h5 $1 $16) 57... Rf7 $2 {[%mdl 8192] [#]} (57... Rg1+ $11 58. Kd2 Rg2+ 59. Kd1 h5) 58. Kd2 $2 (58. h5 $1 $18) 58... Rf5 $2 (58... Rf2+ $1 $11 59. Ke3 Ra2) 59. Rxh7+ $18 Kb6 60. c4 $2 (60. Ke3 $18) 60... bxc4 $11 61. Kc3 Rxd5 62. Kxc4 Rd1 63. Rd7 Kc6 (63... Rc1+ $11 {bleibt in der Remisbreite.} 64. Kd4 Ra1) 64. Ra7 $16 Rh1 $2 {[%mdl 8192]} (64... Rc1+ $16 65. Kd3 Rh1) 65. Ra6+ $18 Kc7 {[#]} 66. Kb5 $1 (66. Rxa4 Rxh4+ 67. Kd3 Rh3+ 68. Kd4 Rh4+ 69. Kd5 Rh5+ 70. Ke4 Rh4+ 71. Ke3 Rh3+ 72. Kd2 Rh2+ 73. Kd3 Rh3+ 74. Kd4 Rh4+ 75. Kd5 Rh5+ 76. Ke4 Rh4+ 77. Kd3 Rh3+ $16) 66... Rxh4 67. Ra7+ ({Schwächer ist} 67. Rxa4 Rh5+ 68. Kc4 Rh4+ 69. Kd5 Rh5+ 70. Ke4 Rh4+ 71. Ke3 Rh3+ 72. Kd4 Rh4+ 73. Kd5 Rh5+ 74. Ke4 Rh4+ 75. Kd5 $16) ({Weniger gut wäre} 67. Kxa4 Rh1 $18) 67... Kb8 $2 (67... Kc8 68. Kxa4 Rh5) 68. Rd7 Rd4 69. Kxa4 Kc8 70. Rh7 Rd1 71. Kb5 d5 72. Kc6 {[%cal Rh7h8]} Kb8 73. Rh8+ (73. b5 $142 Rc1+ 74. Kb6 Rc8 75. Rd7 Rh8 76. Rd6 d4 77. a4 d3 78. a5) 73... Ka7 74. Rh7+ (74. Rh6 $18 d4 75. Rh7+ Kb8 76. b5 Rc1+ 77. Kb6) 74... Kb8 75. b5 Rb1 76. Rh8+ (76. a4 $142 Rc1+ 77. Kb6 Rc8 78. a5 Ka8 79. Ra7+ Kb8 80. a6 Rg8 81. Rd7 Rg6+ 82. Ka5) 76... Ka7 77. Rh7+ (77. a4 $18 Rc1+ 78. Kxd5) 77... Kb8 78. a4 {[%cal Ba3a4,Ba4a5][%mdl 32] Weiß setzt Matt.} d4 79. Rd7 Rb4 80. a5 Rc4+ 81. Kb6 Kc8 82. Rd6 Kb8 83. Rd8+ Rc8 84. Rxd4 {Precision: Weiß = 53%, Schwarz = 40%.} 1-0

[Event "118th SUI-ch 2018"]
[Site "Lenzerheide"]
[Date "2018.07.18"]
[Round "7"]
[White "Pelletier, Yannick"]
[Black "Studer, Noel"]
[Result "1-0"]
[WhiteElo "2551"]
[BlackElo "2484"]
[Annotator "TA"]
[PlyCount "59"]
[EventDate "2018.07.12"]
[EventType "tourn"]
[EventCountry "SUI"]
[SourceTitle "playchess.com"]
[Source "ChessBase"]
[SourceQuality "1"]

{[%evp 22,59,16,18,30,27,17,20,8,6,0,0,42,0,0,0,11,0,0,-47,-38,-51,-32,-45,-45,-47,-49,-39,-33,-35,-33,-48,-7,-47,508,519,616,619,825,813]} 1. Nf3 d5 2. g3 c6 3. Bg2 Bg4 4. c4 e6 5. O-O Nd7 6. cxd5 exd5 7. d3 Ngf6 8. Nc3 Bc5 9. Qb3 Bb6 10. Na4 {A11: English Opening: 1...c6} O-O 11. Nxb6 axb6 12. Qc2 {LiveBook: 27 Games. The position is equal.} b5 13. Bd2 $146 ({Predecessor:} 13. b4 Qe7 14. a3 Bxf3 15. Bxf3 d4 16. Bb2 Ne5 17. Bg2 Rfd8 {1-0 (52) Ruck,R (2577)-Bosiocic,M (2555) Slovenia 2014}) 13... Re8 14. Rfe1 Qb6 15. a3 d4 16. b4 Nf8 17. Qb2 Ne6 18. Ne5 Bf5 19. h3 h6 20. e4 dxe3 $1 21. Bxe3 Qd8 22. g4 Bh7 23. f4 {[%cal Bf2f4,Bf4f5][%mdl 32]} Nd5 24. f5 $1 {[%cal Rf5e6]} Nef4 25. Bxf4 Nxf4 26. d4 g6 27. Re4 {[%cal Be1e4,Be4f4,Bf4f3][%mdl 32]} Qg5 $2 {[%mdl 8192] [#]} (27... g5 $15 {stays ahead.}) 28. h4 $1 $18 {[%cal Rh4g5][%mdl 512] White is clearly winning.} Qxh4 {aiming for ...Qg3.} 29. Rxf4 Qg3 30. Rf3 {Precision: White = 75%, Black = 35%.} 1-0